| 000 | 00885ntm a22002297a 4500 | ||
|---|---|---|---|
| 005 | 20170813134430.0 | ||
| 008 | 170802s2013 xx a frb 000 0 eng d | ||
| 040 |
_aEG-ScBUE _beng _cEG-ScBUE |
||
| 082 | 0 | 4 |
_222 _a621 _bMEA |
| 100 | 1 | _aMeawad, Mahmoud Ahmed Mahmoud Saleh. | |
| 245 | 1 | 0 |
_aWear particle analysis technique, powerful tool indentifying a gear-box transmission performance / _bMahmoud Ahmed Mahmoud Saleh Meawad. |
| 260 | _c2013. | ||
| 300 |
_a74 p. : _bill. (col.) ; _c28 cm. |
||
| 500 | _aDissertation submitted to the Faculty of engineering, the British University in Egypt,in partial fulfillment of the requirement for the bachelor degree in mechanical engineering | ||
| 590 | _anagwa | ||
| 650 | 7 |
_2BUEsh _aMechanical Engineering _vProjects |
|
| 653 |
_bENGMEC _cAugust2017 |
||
| 655 | _vSPRO | ||
| 700 | 1 |
_aAkl, Sayed. _eths |
|
| 777 | _ASPRO | ||
| 942 | _2ddc | ||
| 999 |
_c25404 _d25376 |
||